000 00702nam a2200241Ia 4500
003 OSt
005 20220926012255.0
006 a|||||r|||| 00| 0
007 ta
008 220923b |||||||| |||| 00| 0 eng d
037 _cGeneral Book
040 _aRTL
_cRTL
_beng
041 _2eng
_aeng
082 _aY:(R34), P1
100 _aMcmahon Christopher
_9142708
245 0 _aCollective rationality and collective reasoning
260 _aNew York
_bCambridge University Press
_c2001
300 _aix,251p
_ccm.
500 _aBibiliogrpahy P 239-44
650 _aScientific method
_9231124
942 _hY:(R34), P1
_cGB
_2CC
999 _c622303
_d622303